000 00569nam a2200217Ia 4500
005 20241129120038.0
008 241129s9999||||xx |||||||||||||| ||und||
020 _a9789394262775
037 _aTB
040 _aSDCL
_beng
_cSDCL
041 _aeng
_2eng
084 _aV2'L, R3
_qSDCL
100 _aSingh Surinder
245 0 _aSituating medieval India: Polity, society and culture
260 _aNew Delhi
_bManohar
_c2023
300 _aviii,380p.
365 _aINR
_b1995
650 _aHistory
942 _cTB
_hV2'L, R3
999 _c1233114
_d1233114